Psycholinguistics
Tallennettuna:
| Päätekijä: | |
|---|---|
| Aineistotyyppi: | Kirja |
| Kieli: | englanti |
| Julkaistu: |
Beverly Hills
University of California
1971
|
| Aiheet: | |
| Tagit: |
Lisää tagi
Ei tageja, Lisää ensimmäinen tagi!
|
MARC
| LEADER | 00000nam a2200000 a 4500 | ||
|---|---|---|---|
| 001 | UCI2143 | ||
| 003 | CL-VaPUC | ||
| 008 | 070803e19710000US |||||||||||||||||eng|d | ||
| 082 | 0 | 4 | |a 401.9 |b SLO |2 21 |
| 100 | 0 | |a Slobin, Dan I |e author |9 523025 | |
| 245 | 1 | 0 | |a Psycholinguistics |
| 300 | |a 148 p | ||
| 942 | |c BK | ||
| 945 | |d 20070803 00:00:00 |a jtorresc | ||
| 260 | |a Beverly Hills |b University of California |c 1971 | ||
| 650 | 0 | |a Psicolingüística |9 283371 | |
| 583 | |a last modification |c 20070803 00:00:00 |k Rodrigo Vera | ||
| 999 | |c 326778 |d 326776 | ||
| 952 | |0 0 |1 0 |4 0 |6 401_900000000000000_SLO_1971 |7 0 |8 A |9 408915 |a FDOPOS |b FDOPOS |d 2019-11-22 |i 4361385 |o 401.9 SLO 1971 |p 4361385 |r 2025-01-22 |w 2019-11-22 |y BK |k MLA | ||